| 000 | 00666nam a2200241Ia 4500 | ||
|---|---|---|---|
| 005 | 20240803091833.0 | ||
| 008 | 131103s9999 xx 000 0 und d | ||
| 020 | _a729000435 | ||
| 040 | _aLoreto College | ||
| 041 | _aEnglish | ||
| 082 |
_a938 _bJOH |
||
| 100 | _aJohnston,Alan | ||
| 245 | 4 |
_aThe emergence of Greece _cAlan Johnston |
|
| 260 |
_aOxford _bElsiver & Phaidon _c1976 |
||
| 300 |
_a151 p. _b ill.,maps |
||
| 440 | _aThe Making of the Past | ||
| 504 | _aIncludes bibliographical references and index | ||
| 650 | _aAncient History | ||
| 651 | _aGreece - Ancient History | ||
| 700 | _aSpeake,Graham,series ed. | ||
| 850 | _aLCLIB | ||
| 942 | _cBK | ||
| 999 |
_c8667 _d59146 |
||